[Event "Tasmanian Open 2017"]
[Site "Mount Carmel College, TAS"]
[Date "2017.06.10"]
[Round "1.1"]
[White "COX, Aidan"]
[Black "ROUT, Ian"]
[Result "0-1"]
[WhiteElo "1588"]
[BlackElo "1975"]
[PlyCount "46"]
[EventDate "2017.06.12"]
[EventType "swiss"]
[EventRounds "6"]
[EventCountry "AUS"]

1. d4 Nf6 2. c4 e6 3. Nc3 Bb4 4. e3 O-O 5. Nge2 d5 6. cxd5 exd5 7. a3 Bd6 8.
Ng3 Re8 9. Bd3 b6 10. O-O Ba6 11. f3 c5 12. Re1 Bxd3 13. Qxd3 cxd4 14. Qxd4 Nc6
15. Qd1 d4 16. Nce4 Nxe4 17. Nxe4 Bc7 18. exd4 f5 19. Nc3 Bxh2+ 20. Kf1 Qxd4
21. Rxe8+ Rxe8 22. Qxd4 Nxd4 23. f4 Bg3 0-1

[Event "Tasmanian Open 2017"]
[Site "Mount Carmel College, TAS"]
[Date "2017.06.10"]
[Round "1.2"]
[White "BONHAM, Kevin"]
[Black "RAVICHANDREN, Niruruthi"]
[Result "1-0"]
[WhiteElo "1916"]
[BlackElo "1512"]
[PlyCount "143"]
[EventDate "2017.06.12"]
[EventType "swiss"]
[EventRounds "6"]
[EventCountry "AUS"]

1. e4 Nc6 2. Nf3 e5 3. Nc3 Nf6 4. Bb5 Bc5 5. Nxe5 Bxf2+ 6. Kxf2 Nxe5 7. d4
Neg4+ 8. Kg1 c6 9. Be2 d6 10. h3 Nh6 11. Bg5 Qb6 12. Bxf6 gxf6 13. Qd2 Ng8 14.
Na4 Qc7 15. c4 Bd7 16. Nc3 Ne7 17. Qf4 f5 18. exf5 Bxf5 19. Kh2 O-O-O 20. b4 d5
21. Qxc7+ Kxc7 22. c5 Rhg8 23. Bf3 Ng6 24. g3 Rge8 25. Rhe1 Nf8 26. Bh5 Bg6 27.
Bg4 h5 28. Bf3 Ne6 29. Ne2 Ng5 30. Bg2 Re3 31. Nf4 Rde8 32. Rxe3 Rxe3 33. Bxd5
Kd7 34. Bg2 Be4 35. Bxe4 Rxe4 36. Rd1 Nf3+ 37. Kg2 Nh4+ 38. Kf2 Nf5 39. Nxh5
Rxd4 40. Rxd4+ Nxd4 41. Nf4 Nc2 42. Nd3 Ke6 43. Kf3 Nd4+ 44. Ke4 Nf5 45. Nf4+
Kf6 46. Ne2 Ne7 47. a3 Nd5 48. Nd4 Nc3+ 49. Kf4 Nd5+ 50. Kf3 Ke5 51. Nc2 f5 52.
Ne3 Nf6 53. Nc4+ Kd5 54. Nd6 b6 55. cxb6 axb6 56. Nxf5 c5 57. bxc5 bxc5 58. g4
c4 59. g5 Ne4 60. g6 c3 61. Ne3+ Kd4 62. Nc2+ Kd3 63. Nb4+ Kd4 64. h4 Nf6 65.
Ke2 Kc4 66. g7 Kb3 67. Kd3 Ng8 68. Nc2 Nf6 69. h5 Ng8 70. Nd4+ Kxa3 71. Kxc3
Ka4 72. Nf5 1-0

[Event "Tasmanian Open 2017"]
[Site "Mount Carmel College"]
[Date "2017.06.10"]
[Round "1.3"]
[White "IZADIAN, Bizhan"]
[Black "NGUYEN, Tan Thanh"]
[Result "0-1"]
[WhiteElo "1503"]
[BlackElo "1820"]
[PlyCount "82"]
[EventDate "2017.06.12"]
[EventType "swiss"]
[EventRounds "6"]
[EventCountry "AUS"]

1. d4 Nf6 2. c4 e6 3. a3 c5 4. Nf3 h6 5. Nc3 d5 6. cxd5 exd5 7. h3 Bf5 8. Bf4
a6 9. Qb3 b5 10. Be5 c4 11. Qd1 Be7 12. e3 Nc6 13. Be2 O-O 14. O-O Qd7 15. g4
Be6 16. Bg3 Nh7 17. e4 dxe4 18. Nxe4 f5 19. Nc3 Rad8 20. d5 Bxd5 21. Nxd5 Qxd5
22. Nh2 f4 23. Bf3 Qxd1 24. Rfxd1 Rxd1+ 25. Rxd1 fxg3 26. fxg3 Bc5+ 27. Kg2 Nd4
28. Bb7 a5 29. h4 Kh8 30. Nf1 Nf6 31. g5 hxg5 32. hxg5 Ng4 33. Re1 g6 34. Re4
Nf2 35. Rh4+ Kg7 36. Nd2 Nf5 37. Rh2 Ne3+ 38. Kg1 Ned1 39. Rh4 Ne4+ 40. Kh2
Nxd2 41. Bc6 Nf3+ 0-1

[Event "Tasmanian Open 2017"]
[Site "Mount Carmel College, TAS"]
[Date "2017.06.10"]
[Round "1.4"]
[White "McMAHON, Denis"]
[Black "SHEPHERD, Chris"]
[Result "1-0"]
[WhiteElo "1701"]
[BlackElo "1318"]
[PlyCount "95"]
[EventDate "2017.06.12"]
[EventType "swiss"]
[EventRounds "6"]
[EventCountry "AUS"]

1. e4 c5 2. d4 cxd4 3. c3 dxc3 4. Nxc3 e6 5. Nf3 Nc6 6. Bc4 Nge7 7. O-O Ng6 8.
Qe2 Be7 9. Rd1 O-O 10. Be3 a6 11. Rac1 b5 12. Bb3 Na5 13. Bc2 Nc4 14. Bd3 Nxe3
15. Qxe3 Bb7 16. Ne2 Rc8 17. g3 Bc5 18. Rxc5 Rxc5 19. Qxc5 d6 20. Qa7 Qe7 21.
Qe3 d5 22. exd5 Bxd5 23. Bxg6 fxg6 24. Rxd5 Qf6 25. Re5 Qxf3 26. Qxf3 Rxf3 27.
Rxe6 Rd3 28. Nf4 Rd1+ 29. Kg2 g5 30. Nh5 Rd2 31. Rxa6 Rxb2 32. Ra8+ Kf7 33.
Ra7+ Kg6 34. Nxg7 b4 35. Ne6 h5 36. Nd4 Rd2 37. Ra6+ Kf7 38. Nc6 Rb2 39. Ne5+
Ke7 40. Nd3 Rb1 41. Rb6 Ra1 42. Nxb4 Kd7 43. Ra6 Rb1 44. Nd3 Rd1 45. Nc5+ Kc7
46. a4 Rc1 47. Ne6+ Kb7 48. Ra5 1-0

[Event "Tasmanian Open 2017"]
[Site "Mount Carmel College, TAS"]
[Date "2017.06.10"]
[Round "1.5"]
[White "RUMLEY, William"]
[Black "LEE, Kam"]
[Result "0-1"]
[WhiteElo "1098"]
[BlackElo "1651"]
[PlyCount "60"]
[EventDate "2017.06.12"]
[EventType "swiss"]
[EventRounds "6"]
[EventCountry "AUS"]

1. e4 Nf6 2. e5 Nd5 3. c4 Nb6 4. d4 d6 5. Nf3 g6 6. Nc3 Bg7 7. Bf4 O-O 8. b3
Bg4 9. Be2 Nc6 10. O-O dxe5 11. Nxe5 Bxe2 12. Nxe2 Nxe5 13. Bxe5 e6 14. Nc3 Nd7
15. Bf4 c5 16. Ne2 cxd4 17. Bd6 Re8 18. Nxd4 Qb6 19. Nb5 Bxa1 20. Qxa1 a6 21.
Nc7 Qxd6 22. Nxe8 Rxe8 23. Rd1 Qe7 24. Qd4 Nb8 25. Rd3 Nc6 26. Qf4 Rd8 27.
Rxd8+ Qxd8 28. Qg4 Qd4 29. Qf3 Qa1+ 30. Qd1 Qxd1# 0-1

[Event "Tasmanian Open 2017"]
[Site "Mount Carmel College"]
[Date "2017.06.10"]
[Round "1.6"]
[White "LITTLE, Ian"]
[Black "KUYPERS, Ron"]
[Result "1/2-1/2"]
[WhiteElo "1638"]
[BlackElo "1072"]
[PlyCount "118"]
[EventDate "2017.06.12"]
[EventType "swiss"]
[EventRounds "6"]
[EventCountry "AUS"]

1. e4 c5 2. Nf3 a6 3. d4 cxd4 4. Nxd4 Nf6 5. Nc3 e5 6. Nf5 d5 7. Bg5 Bxf5 8.
Bxf6 gxf6 9. exf5 Bb4 10. a3 Bxc3+ 11. bxc3 Qa5 12. Qd2 Nd7 13. c4 Qxd2+ 14.
Kxd2 d4 15. c3 Nc5 16. Kc2 dxc3 17. f3 Ke7 18. Kxc3 Rad8 19. Be2 Rd7 20. Rhd1
Rhd8 21. Rxd7+ Rxd7 22. Rd1 Rxd1 23. Bxd1 Kd6 24. Bc2 a5 25. h4 h6 26. Kd2 Nd7
27. Be4 Nb6 28. Kc3 Na4+ 29. Kd2 Nc5 30. Bd5 Ke7 31. Ke3 b6 32. g4 Nd7 33. f4
exf4+ 34. Kxf4 Ne5 35. g5 hxg5+ 36. hxg5 Nd3+ 37. Kg4 fxg5 38. Kxg5 f6+ 39. Kg6
Ne5+ 40. Kg7 Nd7 41. Kh6 Ne5 {(draw offered)} 42. Kh7 Nd7 43. Be6 Ne5 44. Kg7
Ng4 45. Kg6 Ne5+ 46. Kh5 Nd3 47. Kg4 Ne5+ 48. Kf4 {(draw offered)} Kd6 49. Kg3
Kc5 50. Kh4 Nxc4 51. Kh5 Ne5 52. Kh6 b5 53. Kg7 Ng4 54. Kf7 b4 55. axb4+ Kxb4
56. Ba2 Kc5 57. Bb3 Kb4 58. Bd1 Ne3 59. Kxf6 Nxf5 1/2-1/2

[Event "Tasmanian Open 2017"]
[Site "Mount Carmel College, TAS"]
[Date "2017.06.10"]
[Round "2.1"]
[White "ROUT, Ian"]
[Black "McMAHON, Denis"]
[Result "1-0"]
[WhiteElo "1975"]
[BlackElo "1701"]
[PlyCount "99"]
[EventDate "2017.06.12"]
[EventType "swiss"]
[EventRounds "6"]
[EventCountry "AUS"]

1. e4 d5 2. exd5 Nf6 3. d4 Bg4 4. Nf3 Qxd5 5. Be2 Nc6 6. O-O O-O-O 7. Be3 Qh5
8. h3 e5 9. hxg4 Nxg4 10. Nh4 f5 11. Bxg4 fxg4 12. g3 exd4 13. Bf4 g5 14. Ng2
gxf4 15. Nxf4 Qf5 16. Qd3 Qxd3 17. Nxd3 h5 18. Nd2 h4 19. gxh4 Rxh4 20. Kg2 Bd6
21. Rh1 Rdh8 22. Ne4 Bh2 23. Rae1 Ne5 24. Nxe5 Bxe5 25. Rxh4 Rxh4 26. Nc5 Rh5
27. Re4 b6 28. Nd3 Bf6 29. Rxg4 c5 30. Rg8+ Kb7 31. b3 Rg5+ 32. Rxg5 Bxg5 33.
f4 Bh6 34. Kf3 Kc6 {(draw offered)} 35. Ke4 Kd6 36. Nf2 a5 37. a4 Kc6 38. Ng4
Bg7 39. f5 Bf8 40. Ne5+ Kd6 41. Nc4+ Kc6 42. Ke5 Bg7+ 43. f6 Bxf6+ 44. Kxf6 Kd5
45. Nxb6+ Ke4 46. Nd7 Kd5 47. Kf5 d3 48. cxd3 Kd4 49. Nxc5 Kxc5 50. Ke5 1-0

[Event "Tasmanian Open 2017"]
[Site "Mount Carmel College"]
[Date "2017.06.10"]
[Round "2.2"]
[White "LEE, Kam"]
[Black "BONHAM, Kevin"]
[Result "1/2-1/2"]
[WhiteElo "1651"]
[BlackElo "1916"]
[PlyCount "115"]
[EventDate "2017.06.12"]
[EventType "swiss"]
[EventRounds "6"]
[EventCountry "AUS"]

1. d4 Nf6 2. c4 e6 3. Nc3 d5 4. cxd5 exd5 5. Bg5 Be7 6. Qc2 g6 7. e3 Bf5 8. Bd3
Bxd3 9. Qxd3 Nbd7 10. Nge2 c6 11. O-O Nh5 12. Bxe7 Qxe7 13. f3 f5 14. e4 dxe4
15. fxe4 fxe4 16. Nxe4 Nhf6 17. Nxf6+ Nxf6 18. Rae1 O-O 19. Nf4 Qf7 20. h4 Rae8
21. Rxe8 Nxe8 22. d5 cxd5 23. Nxd5 Qxf1+ 24. Qxf1 Rxf1+ 25. Kxf1 Kf7 26. Ke2
Ke6 27. Nc3 Nd6 28. g3 Nc4 29. b3 Ne5 30. Ke3 Kf5 31. Nb5 Kg4 32. Kf2 a5 33.
Nd6 Nd3+ 34. Kg2 Nc5 35. Nc4 a4 36. bxa4 Nxa4 37. Ne3+ Kh5 38. Kf3 Kh6 39. g4
Kg7 40. Kf4 Nc3 41. a3 h6 42. Ke5 Kf7 43. Nc4 Ke7 44. Ne3 Nb5 45. Nc4 Nc7 46.
a4 Na6 47. a5 Nc5 48. Kd5 Nb3 49. g5 hxg5 50. hxg5 Kd8 51. Ke6 Nd4+ 52. Kf6 Nf3
53. Kxg6 Kc7 54. Kf6 Nxg5 55. Kxg5 Kc6 56. Kf4 Kb5 57. Nd6+ Kxa5 58. Nxb7+
1/2-1/2

[Event "Tasmanian Open 2017"]
[Site "Mount Carmel College, TAS"]
[Date "2017.06.10"]
[Round "2.3"]
[White "NGUYEN, Tan Thanh"]
[Black "COHEN, Scott"]
[Result "1/2-1/2"]
[WhiteElo "1820"]
[BlackElo "1614"]
[PlyCount "107"]
[EventDate "2017.06.12"]
[EventType "swiss"]
[EventRounds "6"]
[EventCountry "AUS"]

1. e4 c5 2. Nc3 Nc6 3. Nf3 d6 4. h3 a6 5. d4 cxd4 6. Nxd4 Nf6 7. Be3 Nxd4 8.
Qxd4 e5 9. Qd2 Be6 10. Rd1 Qc7 11. Be2 h6 12. O-O Be7 13. f4 b5 14. a3 Rc8 15.
f5 Bc4 16. Bxc4 Qxc4 17. Qd3 b4 18. axb4 Qxb4 19. Qxa6 O-O 20. Qb5 Qxb5 21.
Nxb5 Nxe4 22. c3 Rfd8 23. Kh2 Rd7 24. Rc1 Rb7 25. c4 d5 26. Na7 Rxc4 27. Rxc4
dxc4 28. Rc1 Bc5 29. Bxc5 Nxc5 30. Rxc4 Nd3 31. Rc8+ Kh7 32. Nc6 g6 33. fxg6+
Kxg6 34. b4 f6 35. Kg3 Nxb4 36. Nxb4 Rxb4 37. Rc3 Rf4 38. Kh2 h5 39. g3 Rf5 40.
Rc4 Rf2+ 41. Kg1 Rd2 42. Re4 Kf5 43. Rh4 Kg5 44. Re4 Rd4 45. Re3 e4 46. Kf2 f5
47. Rc3 Rd5 48. Rc8 Rd3 49. Rg8+ Kh6 50. Rh8+ Kg6 51. Rg8+ Kh7 52. Rg5 Rf3+ 53.
Kg2 Kh6 54. Rg8 1/2-1/2

[Event "Tasmanian Open 2017"]
[Site "Mount Carmel College, TAS"]
[Date "2017.06.10"]
[Round "2.4"]
[White "COX, Aidan"]
[Black "LITTLE, Ian"]
[Result "1/2-1/2"]
[WhiteElo "1588"]
[BlackElo "1638"]
[PlyCount "70"]
[EventDate "2017.06.12"]
[EventType "swiss"]
[EventRounds "6"]
[EventCountry "AUS"]

1. d4 d5 2. c4 c6 3. cxd5 cxd5 4. Nc3 Nf6 5. Bf4 a6 6. e3 e6 7. Bd3 Bd6 8. Bxd6
Qxd6 9. f4 Nc6 10. Nf3 b5 11. Ne5 Bb7 12. O-O Nb4 13. Bb1 Ne4 14. a3 Nxc3 15.
bxc3 Nc6 16. Rf3 Ne7 17. Rh3 Nc6 18. Qg4 Nxe5 19. fxe5 Qf8 20. e4 Rc8 21. exd5
Bxd5 22. Be4 Rd8 23. Bxd5 Rxd5 24. c4 bxc4 25. Rc3 g6 26. Rxc4 Qe7 27. Qf3 O-O
28. Rac1 Rfd8 29. Rd1 Ra5 30. Rd3 Rad5 31. Qf4 Kg7 32. Rh3 h5 33. g4 Rh8 34. g5
Rhd8 35. Rhc3 R8d7 1/2-1/2

[Event "Tasmanian Open 2017"]
[Site "Mount Carmel College, TAS"]
[Date "2017.06.10"]
[Round "2.5"]
[White "KUYPERS, Ron"]
[Black "IZADIAN, Bizhan"]
[Result "1/2-1/2"]
[WhiteElo "1072"]
[BlackElo "1503"]
[PlyCount "69"]
[EventDate "2017.06.12"]
[EventType "swiss"]
[EventRounds "6"]
[EventCountry "AUS"]

1. Nf3 c5 2. e4 d6 3. Bb5+ Bd7 4. Bxd7+ Qxd7 5. O-O Nc6 6. Nc3 g6 7. Nd5 Bg7 8.
c3 Nf6 9. Nxf6+ Bxf6 10. d3 O-O 11. Bh6 Bg7 12. Bxg7 Kxg7 13. Qe2 h5 14. Rfd1
Qg4 15. h3 Qf4 16. Qd2 Qxd2 17. Rxd2 Rad8 18. Rad1 Kf6 19. d4 cxd4 20. cxd4 e5
21. dxe5+ dxe5 22. Kf1 Rxd2 23. Rxd2 Rd8 24. Rxd8 Nxd8 25. Ke2 Ne6 26. g3 Ng5
27. Nxg5 Kxg5 28. Kf3 f5 29. h4+ Kf6 30. Ke3 g5 31. exf5 gxh4 32. gxh4 Kxf5 33.
f3 b6 34. b4 a6 35. Ke2 1/2-1/2

[Event "Tasmanian Open 2017"]
[Site "Mount Carmel College, TAS"]
[Date "2017.06.10"]
[Round "2.6"]
[White "RAVICHANDREN, Niruruthi"]
[Black "RUMLEY, William"]
[Result "1-0"]
[WhiteElo "1512"]
[BlackElo "1098"]
[PlyCount "87"]
[EventDate "2017.06.12"]
[EventType "swiss"]
[EventRounds "6"]
[EventCountry "AUS"]

1. c4 e5 2. g3 f5 3. d3 Nf6 4. Bg2 Bc5 5. Nf3 Nc6 6. O-O O-O 7. Nc3 d6 8. a3 a5
9. Bd2 Bd7 10. Na2 a4 11. Nb4 Nd4 12. Nxd4 Bxd4 13. Bxb7 Bxb2 14. Ra2 Rb8 15.
Bg2 Bd4 16. Nc6 Bxc6 17. Bxc6 Qc8 18. Qxa4 f4 19. e3 Qh3 20. Bg2 Qh5 21. Qd1
fxe3 22. fxe3 Ng4 23. Rxf8+ Rxf8 24. h3 Nxe3 25. Qxh5 Nf1+ 26. Kh1 Nxg3+ 27.
Kh2 Nxh5 28. Bc1 Rf2 29. Rxf2 Bxf2 30. Bd5+ Kf8 31. Kg2 Bc5 32. a4 Nf4+ 33.
Bxf4 exf4 34. h4 Ke7 35. Kf3 Be3 36. Bc6 Kf6 37. Ke4 h6 38. a5 g5 39. d4 gxh4
40. a6 h3 41. Kd3 Kf5 42. a7 Kg4 43. a8=Q f3 44. Bxf3+ 1-0

[Event "Tasmanian Open 2017"]
[Site "Mount Carmel College, TAS"]
[Date "2017.06.11"]
[Round "3.1"]
[White "BONHAM, Kevin"]
[Black "ROUT, Ian"]
[Result "0-1"]
[WhiteElo "1916"]
[BlackElo "1975"]
[PlyCount "62"]
[EventDate "2017.06.12"]
[EventType "swiss"]
[EventRounds "6"]
[EventCountry "AUS"]

1. Nf3 c5 2. e4 e6 3. c3 Nf6 4. e5 Nd5 5. d4 cxd4 6. cxd4 d6 7. Bb5+ Bd7 8.
Bxd7+ Nxd7 9. O-O Be7 10. Re1 O-O 11. Nc3 Nxc3 12. bxc3 Qc7 13. Qd3 dxe5 14.
Nxe5 Nxe5 15. Rxe5 Rac8 16. Rh5 g6 17. Rh3 Rfd8 18. Qe3 Bf8 19. Qe4 Rd5 20. Bf4
Bd6 21. Bxd6 Qxd6 22. Qe3 Qf8 23. a4 Ra5 24. Qd2 Rc4 25. Qd1 Qe8 26. g4 Rcxa4
27. Rxa4 Qxa4 28. Qd2 Qc6 29. f3 Ra1+ 30. Kf2 Qc4 31. Qf4 Qf1+ 0-1

[Event "Tasmanian Open 2017"]
[Site "Mount Carmel College"]
[Date "2017.06.11"]
[Round "3.2"]
[White "COHEN, Scott"]
[Black "LEE, Kam"]
[Result "1-0"]
[WhiteElo "1614"]
[BlackElo "1651"]
[PlyCount "81"]
[EventDate "2017.06.12"]
[EventType "swiss"]
[EventRounds "6"]
[EventCountry "AUS"]

1. d4 d5 2. Nf3 Nf6 3. g3 c5 4. Bg2 Nc6 5. O-O e6 6. c4 cxd4 7. Nxd4 Nxd4 8.
Qxd4 Be7 9. Nc3 dxc4 10. Qxc4 O-O 11. Rd1 Qa5 12. a3 Bd7 13. Bxb7 Rab8 14. Bg2
Rfc8 15. Qd3 Rb3 16. Bd2 Qb6 17. Be3 Bc5 18. Bxc5 Rxc5 19. Qd4 Rxb2 20. Na4
Bxa4 21. Qxa4 Rxe2 22. Qxa7 Re1+ 23. Bf1 Rxf1+ 24. Kxf1 Qb5+ 25. Kg1 h5 26.
Qa8+ Kh7 27. Qf3 Rc2 28. Qd3+ Qxd3 29. Rxd3 g5 30. a4 g4 31. Rdd1 Ne4 32. Rf1
Nd2 33. Rfc1 Nf3+ 34. Kg2 Re2 35. a5 e5 36. a6 e4 37. a7 e3 38. Rf1 h4 39. a8=Q
h3+ 40. Kh1 Nd2 41. Qa6 1-0

[Event "Tasmanian Open 2017"]
[Site "Mount Carmel College, TAS"]
[Date "2017.06.11"]
[Round "3.3"]
[White "McMAHON, Denis"]
[Black "NGUYEN, Tan Thanh"]
[Result "1/2-1/2"]
[WhiteElo "1701"]
[BlackElo "1820"]
[PlyCount "52"]
[EventDate "2017.06.12"]
[EventType "swiss"]
[EventRounds "6"]
[EventCountry "AUS"]

1. e4 c6 2. d4 d5 3. f3 a6 4. a4 g6 5. c4 Bg7 6. Be3 Be6 7. Na3 Qa5+ 8. Bd2 Qc7
9. Bc3 Nf6 10. Bd3 O-O 11. Ne2 dxe4 12. fxe4 Bg4 13. O-O Rd8 14. e5 Ne8 15. h3
Bxe2 16. Qxe2 f6 17. e6 f5 18. Nc2 a5 19. Rad1 Bf6 20. Qf3 Ng7 21. Rfe1 Na6 22.
Bf1 Qb6 23. Kh1 Qb3 24. Rd2 Nb4 25. Na1 Qxa4 26. b3 Qa3 1/2-1/2

[Event "Tasmanian Open 2017"]
[Site "Mount Carmel College, TAS"]
[Date "2017.06.11"]
[Round "3.4"]
[White "LITTLE, Ian"]
[Black "SHEPHERD, Chris"]
[Result "1-0"]
[WhiteElo "1638"]
[BlackElo "1318"]
[PlyCount "95"]
[EventDate "2017.06.12"]
[EventType "swiss"]
[EventRounds "6"]
[EventCountry "AUS"]

1. e4 c5 2. Nf3 e6 3. d4 cxd4 4. Nxd4 Nc6 5. g3 Nf6 6. Bg2 Bc5 7. Nb3 Bb6 8.
O-O d5 9. exd5 exd5 10. Bg5 Be6 11. c3 O-O 12. N1d2 h6 13. Bf4 Qd7 14. Nf3 Bh3
15. Nbd4 Bxg2 16. Kxg2 Rfe8 17. Re1 Re4 18. Rxe4 dxe4 19. Ne5 Nxe5 20. Bxe5 Ng4
21. Bf4 f5 22. h3 Nf6 23. Qb3+ Qd5 24. Nxf5 Qxb3 25. axb3 Rd8 26. Be3 Bxe3 27.
Nxe3 a6 28. Kf1 Nd5 29. Ke2 Nxe3 30. Kxe3 Rd3+ 31. Ke2 Rd7 32. Ra4 Re7 33. Ke3
Kf7 34. Rxe4 Rxe4+ 35. Kxe4 Ke6 36. f4 g6 37. g4 h5 38. b4 hxg4 39. hxg4 b5 40.
b3 Kd6 41. Kd4 Ke7 42. Kc5 Ke6 43. Kb6 Kd5 44. Kxa6 Ke4 45. f5 gxf5 46. gxf5
Kxf5 47. Kxb5 Ke5 48. Kc6 1-0

[Event "Tasmanian Open 2017"]
[Site "Mount Carmel College, TAS"]
[Date "2017.06.11"]
[Round "3.5"]
[White "KUYPERS, Ron"]
[Black "RAVICHANDREN, Niruruthi"]
[Result "1-0"]
[WhiteElo "1072"]
[BlackElo "1512"]
[PlyCount "104"]
[EventDate "2017.06.12"]
[EventType "swiss"]
[EventRounds "6"]
[EventCountry "AUS"]

1. Nf3 Nc6 2. e4 e5 3. Bb5 a6 4. Ba4 b5 5. Bb3 Nf6 6. d3 Be7 7. c3 O-O 8. O-O
Bb7 9. Qe2 Na5 10. Bc2 d6 11. b4 Nc6 12. Nbd2 d5 13. a3 Qd7 14. Rd1 Rad8 15.
Bb2 d4 16. cxd4 Nxd4 17. Bxd4 exd4 18. Rac1 c5 19. bxc5 Bxc5 20. Nb1 Qe7 21. a4
b4 22. Bb3 Bd5 23. Qa2 Bb7 24. Nbd2 Bc8 25. Qc2 Ba7 26. Nc4 Bg4 27. Nce5 Rc8
28. Qd2 Bxf3 29. Nxf3 Rc3 30. Bc4 a5 31. Qg5 Qc5 32. Qxc5 Bxc5 33. Ne5 g6 34.
Kf1 Kg7 35. Ke2 b3 36. Bxb3 Bd6 37. Nxf7 Bb4 38. Rxc3 dxc3 39. Ng5 Rb8 40. Ne6+
Kh6 41. Nd4 Bc5 42. Nb5 Bb4 43. f3 Nd7 44. d4 Rc8 45. Kd3 Rd8 46. Kc2 Kg5 47.
Rd3 Nb6 48. Nxc3 h5 49. Kb2 h4 50. e5 Kf5 51. g3 g5 52. gxh4 Kf4 1-0

[Event "Tasmanian Open 2017"]
[Site "Mount Carmel College"]
[Date "2017.06.11"]
[Round "4.1"]
[White "ROUT, Ian"]
[Black "COHEN, Scott"]
[Result "1/2-1/2"]
[WhiteElo "1975"]
[BlackElo "1614"]
[PlyCount "80"]
[EventDate "2017.06.12"]
[EventType "swiss"]
[EventRounds "6"]
[EventCountry "AUS"]

1. c4 e5 2. Nc3 Nc6 3. Nf3 f5 4. d4 e4 5. Ng5 Bb4 6. a3 Bxc3+ 7. bxc3 Nf6 8. c5
b6 9. cxb6 axb6 10. g3 O-O 11. Bg2 h6 12. Nh3 Na5 13. O-O Nc4 14. f3 Bb7 15.
Nf4 Qe8 16. fxe4 Bxe4 17. Bxe4 Qxe4 18. Qd3 b5 19. Ng6 Rfe8 20. Rxf5 Qxe2 21.
Qxe2 Rxe2 22. Bf4 c6 23. Ne5 Nd6 24. Rxf6 gxf6 25. Nxd7 Nc4 26. d5 cxd5 27.
Nxf6+ Kg7 28. Nxd5 Rxa3 29. Rxa3 Nxa3 30. h4 h5 31. Nc7 Kg6 32. Bd6 Ra2 33.
Bxa3 Rxa3 34. Nxb5 Rb3 35. Nd4 Rxc3 36. Kf2 Rd3 37. Ne2 Ra3 38. Nf4+ Kh6 39.
Kg2 Rb3 40. Kf2 Ra3 1/2-1/2

[Event "Tasmanian Open 2017"]
[Site "Mount Carmel College"]
[Date "2017.06.11"]
[Round "4.2"]
[White "NGUYEN, Tan Thanh"]
[Black "LITTLE, Ian"]
[Result "1-0"]
[WhiteElo "1820"]
[BlackElo "1638"]
[PlyCount "70"]
[EventDate "2017.06.12"]
[EventType "swiss"]
[EventRounds "6"]
[EventCountry "AUS"]

1. c4 e5 2. d4 d6 3. dxe5 dxe5 4. Qxd8+ Kxd8 5. Nc3 c6 6. Nf3 Nd7 7. a3 a5 8.
Be3 Kc7 9. g3 f5 10. Ng5 Nh6 11. Ne6+ Kb8 12. Nxf8 Rxf8 13. Bxh6 gxh6 14. O-O-O
Kc7 15. Bg2 Nc5 16. b4 axb4 17. axb4 Na4 18. Kc2 Nxc3 19. Kxc3 Be6 20. Ra1 h5
21. Bf3 f4 22. Rxa8 Rxa8 23. gxf4 exf4 24. Bxh5 Rg8 25. Bf3 b5 26. cxb5 cxb5
27. Rd1 Rc8 28. Rd4 Kb6+ 29. Kd2 Bb3 30. Rxf4 Rc2+ 31. Kd3 Rc4 32. Rxc4 Bxc4+
33. Kd4 Kc7 34. e3 Kd6 35. Be4 h6 1-0

[Event "Tasmanian Open 2017"]
[Site "Mount Carmel College"]
[Date "2017.06.11"]
[Round "4.3"]
[White "LEE, Kam"]
[Black "KUYPERS, Ron"]
[Result "1/2-1/2"]
[WhiteElo "1651"]
[BlackElo "1072"]
[PlyCount "95"]
[EventDate "2017.06.12"]
[EventType "swiss"]
[EventRounds "6"]
[EventCountry "AUS"]

1. d4 e6 2. c4 f5 3. Nf3 Nf6 4. g3 Be7 5. Bg2 O-O 6. O-O d6 7. Nc3 Nc6 8. Qc2
e5 9. dxe5 dxe5 10. Rd1 Qe8 11. Nd5 Bd8 12. a3 Qh5 13. b4 e4 14. Nf4 Qe8 15.
Nd4 Nxd4 16. Rxd4 g5 17. Nd5 Qh5 18. Bb2 Ng4 19. h3 Nf6 20. Rad1 c6 21. Nxf6+
Bxf6 22. R4d2 Bxb2 23. Qxb2 Be6 24. c5 Bd5 25. e3 Qf7 26. Rd4 a6 27. a4 Qf6 28.
Qd2 Qf7 29. Bf1 f4 30. exf4 gxf4 31. Qxf4 Qxf4 32. gxf4 Rxf4 33. Bc4 Raf8 34.
Bxd5+ cxd5 35. R1d2 Rf3 36. Kg2 Ra3 37. a5 Rb3 38. Rxd5 Rxb4 39. Rg5+ Kh8 40.
Rd7 Rb2 41. Kg3 Rbxf2 42. Kh4 R2f4+ 43. Kh5 R4f5 44. Rxb7 Rxg5+ 45. Kxg5 Rc8
46. Kf4 Rxc5 47. Kxe4 Rxa5 48. Ra7 1/2-1/2

[Event "Tasmanian Open 2017"]
[Site "Mount Carmel College, TAS"]
[Date "2017.06.15"]
[Round "4.4"]
[White "McMAHON, Denis"]
[Black "BONHAM, Kevin"]
[Result "0-1"]
[WhiteElo "1701"]
[BlackElo "1916"]
[PlyCount "80"]
[EventDate "2017.06.12"]
[EventType "swiss"]
[EventRounds "6"]
[EventCountry "AUS"]

1. e4 e6 2. b3 d5 3. Bb2 c5 4. Nc3 Nc6 5. d3 Nf6 6. Nf3 Be7 7. g3 b6 8. Bg2
dxe4 9. dxe4 Bb7 10. O-O O-O 11. Qe2 Rc8 12. Rfd1 Qc7 13. e5 Ng4 14. Nb5 Qb8
15. h3 Nh6 16. Bc1 Nf5 17. g4 Nfd4 18. Nfxd4 cxd4 19. Nxd4 Nxd4 20. Rxd4 Bc5
21. Rd1 Bxg2 22. Kxg2 Bb4 23. c4 Bc3 24. Bb2 Qb7+ 25. f3 Bxb2 26. Qxb2 h6 27.
Rd6 b5 28. cxb5 Qxb5 29. Rad1 Rc5 30. a4 Qb8 31. b4 Rc4 32. R1d4 Rc7 33. Qd2
Rcc8 34. b5 Qc7 35. f4 Qc5 36. Qa5 Qc2+ 37. Rd2 Qe4+ 38. Kg3 {(draw offered)}
Qe3+ 39. Kh4 Qe1+ 40. Kh5 g6+ 0-1

[Event "Tasmanian Open 2017"]
[Site "Mount Carmel College"]
[Date "2017.06.11"]
[Round "4.5"]
[White "RAVICHANDREN, Niruruthi"]
[Black "IZADIAN, Bizhan"]
[Result "1-0"]
[WhiteElo "1512"]
[BlackElo "1503"]
[PlyCount "71"]
[EventDate "2017.06.12"]
[EventType "swiss"]
[EventRounds "6"]
[EventCountry "AUS"]

1. e4 c5 2. c3 d6 3. d4 cxd4 4. cxd4 g6 5. Nf3 a6 6. Bc4 Bg4 7. Bxf7+ Kxf7 8.
Ng5+ Ke8 9. Qxg4 Nf6 10. Qf3 Nc6 11. Ne6 Qc8 12. O-O Nb4 13. Nxf8 Rxf8 14. Na3
Ng4 15. Qb3 Nc6 16. d5 Nd4 17. Qa4+ Nb5 18. Nxb5 axb5 19. Qxb5+ Kd8 20. h3 Ne5
21. Bh6 Nf3+ 22. Kh1 Nd4 23. Qb6+ Kd7 24. Qxd4 Rf7 25. e5 dxe5 26. Qxe5 Ra6 27.
Rac1 Qd8 28. Bf4 Rd6 29. Qd4 Ra6 30. Rc7+ Ke8 31. Rfc1 Ra8 32. Bh6 Rf6 33. Qe5
Rxf2 34. Qh8+ Kf7 35. Qg7+ Ke8 36. Qg8+ 1-0

[Event "Tasmanian Open 2017"]
[Site "Mount Carmel College"]
[Date "2017.06.11"]
[Round "4.6"]
[White "SHEPHERD, Chris"]
[Black "RUMLEY, William"]
[Result "0-1"]
[WhiteElo "1318"]
[BlackElo "1098"]
[PlyCount "78"]
[EventDate "2017.06.12"]
[EventType "swiss"]
[EventRounds "6"]
[EventCountry "AUS"]

1. d4 Nf6 2. c4 g6 3. Nc3 Bg7 4. e4 d6 5. Nf3 O-O 6. Be2 Nbd7 7. O-O Re8 8. h3
c6 9. Be3 Qc7 10. Qd2 e5 11. d5 cxd5 12. cxd5 Nc5 13. Rac1 Bd7 14. b4 Na6 15.
Nb5 Qb8 16. Nc3 Nxb4 17. Qb2 Na6 18. Rb1 Rc8 19. Qxb7 Qxb7 20. Rxb7 Rxc3 21.
Bxa6 Bc8 22. Rfb1 Bxb7 23. Rxb7 Nxe4 24. Rd7 Bf8 25. Kf1 Nf6 26. Rb7 Nxd5 27.
Bd2 Rc7 28. Ba5 Rc1+ 29. Ne1 Nf4 30. Bd2 Ra1 31. Bxf4 exf4 32. Bc4 Rc8 33.
Bxf7+ Kh8 34. Ke2 Rc5 35. Nd3 Rc2+ 36. Kf3 Rc3 37. Ke2 Bh6 38. Rxa7 f3+ 39.
gxf3 Rc2# 0-1

[Event "Tasmanian Open 2017"]
[Site "Mount Carmel College, TAS"]
[Date "2017.06.12"]
[Round "5.1"]
[White "NGUYEN, Tan Thanh"]
[Black "ROUT, Ian"]
[Result "0-1"]
[WhiteElo "1820"]
[BlackElo "1975"]
[PlyCount "72"]
[EventDate "2017.06.12"]
[EventType "swiss"]
[EventRounds "6"]
[EventCountry "AUS"]

1. e4 c5 2. Nc3 e6 3. Nf3 Nc6 4. d4 cxd4 5. Nxd4 Nf6 6. Ndb5 d6 7. Bg5 a6 8.
Bxf6 gxf6 9. Nd4 Qb6 10. Nxc6 bxc6 11. Rb1 d5 12. a3 Bb7 13. Bd3 Rg8 14. O-O
Bd6 15. Qf3 O-O-O 16. Qxf6 Qc7 17. f4 Rg4 18. e5 Be7 19. Qh6 Rdg8 20. Qh3 c5
21. Rf2 c4 22. Be2 Rh4 23. Qf3 Bc5 24. g3 f5 25. exf6 Rxf4 26. Kf1 Rxf3 27.
Rxf3 Rf8 28. Na4 Bd4 29. c3 Bxf6 30. b4 d4 31. Rf4 Qc6 32. Bf3 Qxa4 33. Bxb7+
Kxb7 34. cxd4 Bg7 35. Re1 Rxf4+ 36. gxf4 Bxd4 0-1